000 00981nam a2200205 a 4500
001 BRCA_569
005 20190320203052.0
008 151005s1986----uk-a---###---#000-0#eng-d
020 _a1851700684
050 4 _aNK2529
_b.S96 1986
100 1 _aSymonds, Robert Wemyss
_d1889-1958
_91769
245 1 0 _aMasterpieces of English Furniture and Clocks
_bA Study of Walnut and Mahogany Furniture, and of the Associated Crafts of the Looking-Glass Maker and Japanner, Together with an Account of Thomas Tompion and other Famous Clock-Makers of the 17th and 18th Centuries
_cR. W. Symonds ; introduction by Jerome Phillips.
260 _aLondres
_bStudio Editions London
_c1986
300 _axii, 172 p.
_bil. (algunas a color), mapas
_c33 cm.
650 1 4 _aMobiliario
_xObras maestras
_zInglaterra
_91962
650 1 4 _aRelojes
_xObras maestras
_zInglaterra
_91963
650 1 4 _aDecoración y ornamentación
_ySiglo XVII-XVIII
_zInglaterra
_91964
700 1 _aPhillips, Jerome
_91965
942 _2lcc
_cB
999 _c499
_d499